Subjective and Objective Questions on Farm Machinery and Power / (Record no. 49179)

MARC details
000 -LEADER
fixed length control field 00717nam a22002177a 4500
003 - CONTROL NUMBER IDENTIFIER
control field OSt
008 - FIXED-LENGTH DATA ELEMENTS--GENERAL INFORMATION
fixed length control field 251115b |||||||| |||| 00| 0 eng d
020 ## - INTERNATIONAL STANDARD BOOK NUMBER
International Standard Book Number 9788119238811
082 ## - DEWEY DECIMAL CLASSIFICATION NUMBER
Classification number 631.37076
Item number D41S
100 ## - MAIN ENTRY--PERSONAL NAME
Personal name Deogirikar, Amit Ashokrao.
245 ## - TITLE STATEMENT
Title Subjective and Objective Questions on Farm Machinery and Power /
Statement of responsibility, etc. by Amit Ashokrao Deogirikar and Ranjit Vasant Power
260 ## - PUBLICATION, DISTRIBUTION, ETC. (IMPRINT)
Place of publication, distribution, etc .- New Delhi
Name of publisher, distributor, etc : Brillion Publishing
Date of publication, distribution, etc , 2024
300 ## - PHYSICAL DESCRIPTION
Extent v,279p.
650 ## - SUBJECT ADDED ENTRY--TOPICAL TERM
Topical term or geographic name as entry element Technology (Applied Sciences)
650 ## - SUBJECT ADDED ENTRY--TOPICAL TERM
Topical term or geographic name as entry element Agriculture and Related Technology
650 ## - SUBJECT ADDED ENTRY--TOPICAL TERM
Topical term or geographic name as entry element Farm Machinery
650 ## - SUBJECT ADDED ENTRY--TOPICAL TERM
Topical term or geographic name as entry element Farm Machinery and Power
650 ## - SUBJECT ADDED ENTRY--TOPICAL TERM
Topical term or geographic name as entry element Questions and Answers
700 ## - ADDED ENTRY--PERSONAL NAME
Personal name Powar, Ranjit Vasant.
942 ## - ADDED ENTRY ELEMENTS (KOHA)
Source of classification or shelving scheme
Koha item type Books
Holdings
Withdrawn status Lost status Source of classification or shelving scheme Damaged status Not for loan Home library Current library Date acquired Source of acquisition Cost, normal purchase price Total Checkouts Full call number Barcode Date last seen Bill Date Koha item type Bill Number
          Dr. Rajendra Prasad Central Agricultural University Pusa, Dr. Rajendra Prasad Central Agricultural University Pusa, 15/11/2025 IBPS, Delhi 525.00   631.37076 D41S 86563 15/11/2025 27/10/2025 Books IBPS/016/2025-26
          Dr. Rajendra Prasad Central Agricultural University Pusa, Dr. Rajendra Prasad Central Agricultural University Pusa, 15/11/2025 IBPS, Delhi 525.00   631.37076 D41S 86564 15/11/2025 27/10/2025 Books IBPS/016/2025-26
Hosted, Implemented, Customized & Maintained by: BestBookBuddies

Powered by Koha